A praelogikus gondolkozás és a népmesék csodás elemei

Elmentve itt :
Bibliográfiai részletek
Szerző: Solymossy Sándor
Dokumentumtípus: Cikk
Megjelent: Franklin Budapest 1937
Sorozat:Budapesti Szemle
Kulcsszavak:Néprajz, Népmese
Tárgyszavak:
Online Access:http://misc.bibl.u-szeged.hu/61300
LEADER 00834nab a2200253 i 4500
001 misc61300
005 20230228143555.0
008 230220s1937 hu o 0|| hun d
040 |a SZTE Miscellanea Repozitórium  |b hun 
041 |a hun 
100 1 |a Solymossy Sándor 
245 1 2 |a A praelogikus gondolkozás és a népmesék csodás elemei  |h [elektronikus dokumentum] /  |c  Solymossy Sándor 
260 |a Franklin  |b Budapest  |c 1937 
300 |a 53-75  |c 23 cm 
300 |a [23] p.  |c 23 cm 
490 0 |a Budapesti Szemle 
561 |a Németh Gyula hagyaték 
591 |a NOV 5676 
650 4 |a Társadalomtudományok 
650 4 |a Szociológia 
650 4 |a Bölcsészettudományok 
650 4 |a Nyelvek és irodalom 
695 |a Néprajz, Népmese 
856 4 0 |u http://misc.bibl.u-szeged.hu/61300/1/5676_nov.pdf  |z Dokumentum-elérés